Statistics for Best White Player From Every NBA Team

Click here to take the quiz!

General Stats

  • This quiz has been taken 40 times
  • The average score is 13 of 30

Answer Stats

HintAnswer% Correct
CelticsLarry Bird
88%
MavericksDirk Nowitzki
83%
TimberwolvesKevin Love
79%
SunsSteve Nash
79%
LakersJerry West
75%
JazzJohn Stockton
75%
SpursManu Ginobili
63%
WarriorsRick Barry
63%
TrailblazersBill Walton
58%
GrizzliesMarc Gasol
58%
HawksBob Pettit
54%
NetsDrazen Petrovic
46%
PelicansPeja Stojakovic
46%
PistonsBill Laimbeer
42%
BullsSteve Kerr
42%
HornetsVlade Divac
38%
NuggetsDan Issel
29%
KnicksDave DeBusschere
29%
ThunderJack Sikma
29%
ClippersJ.J. Redick
29%
76ersBilly Cunningham
25%
PacersDomantas Sabonis
25%
MagicNikola Vucevic
25%
KingsJerry Lucas
21%
CavsZydrunas Ilgauskas
21%
HeatMike Miller
17%
BucksAndrew Bogut
13%
RaptorsJonas Valanciunas
8%
RocketsYao Ming
8%
WizardsTom Gugliotta
4%

Score Distribution

Percentile by Number Answered

Percent of People with Each Score

Your Score History

You have not taken this quiz